000
00281nam a22001217a 4500
082
_a
823
_b
BLY/F
100
_a
BLYTON, ENID
245
_a
FAMOUS FIVE - 5 ARE TOGETHER AGAIN
260
_a
SINGAPORE
_b
MAMMOTH
_c
1991
300
_a
143
650
_a
ENGLISH STORY
_z
SINGAPORE
942
_c
BK
999
_c
7246
_d
7246